Organizational behavior/ (Record no. 633)
[ view plain ]
| 000 -LEADER | |
|---|---|
| fixed length control field | 00463nam a22001937a 4500 |
| 003 - CONTROL NUMBER IDENTIFIER | |
| control field | BD-DhUIB |
| 005 - DATE AND TIME OF LATEST TRANSACTION | |
| control field | 20251101150943.0 |
| 008 - FIXED-LENGTH DATA ELEMENTS--GENERAL INFORMATION | |
| fixed length control field | 251101b |||||||| |||| 00| 0 eng d |
| 040 ## - CATALOGING SOURCE | |
| Original cataloging agency | BD-DhUIB |
| Transcribing agency | BD-DhUIB |
| 050 ## - LIBRARY OF CONGRESS CALL NUMBER | |
| Classification number | 658.0019 |
| 082 ## - DEWEY DECIMAL CLASSIFICATION NUMBER | |
| Edition number | 22 |
| 100 ## - MAIN ENTRY--PERSONAL NAME | |
| Personal name | Robbins, Stephen P. |
| 9 (RLIN) | 343 |
| 245 ## - TITLE STATEMENT | |
| Title | Organizational behavior/ |
| 250 ## - EDITION STATEMENT | |
| Edition statement | 18th ed. |
| 260 ## - PUBLICATION, DISTRIBUTION, ETC. | |
| Place of publication, distribution, etc. | India. |
| Name of publisher, distributor, etc. | Pearson. |
| 300 ## - PHYSICAL DESCRIPTION | |
| Extent | ii, 796p. : |
| Other physical details | illus. ; |
| Dimensions | 24cm. |
| 526 ## - STUDY PROGRAM INFORMATION NOTE | |
| Program name | BBA. |
| 942 ## - ADDED ENTRY ELEMENTS (KOHA) | |
| Source of classification or shelving scheme | Dewey Decimal Classification |
| Koha item type | Books |
| Withdrawn status | Lost status | Source of classification or shelving scheme | Damaged status | Not for loan | Collection code | Home library | Current library | Shelving location | Date acquired | Source of acquisition | Total Checkouts | Full call number | Barcode | Date last seen | Copy number | Price effective from | Koha item type |
|---|---|---|---|---|---|---|---|---|---|---|---|---|---|---|---|---|---|
| Dewey Decimal Classification | Non-fiction | IBA Library | IBA Library | General Stacks | 10/12/2025 | Purchase | 658.0019 R558o | 00051684 | 11/01/2025 | C-1 | 11/01/2025 | Books | |||||
| Dewey Decimal Classification | Non-fiction | IBA Library | IBA Library | General Stacks | 10/12/2025 | Purchase | 658.0019 R558o | 00051685 | 11/01/2025 | C-2 | 11/01/2025 | Books |
